Największe miasta Polski na literę S - Statystyki

Ogólne statystyki
  • Ten quiz został rozwiązany 37 razy
  • Średni wynik to 8 z 10
Statystyki odpowiedzi
Ludność Województwo Podpowiedź Miasto % Poprawnych
401 907 zachodniopomorskie Mimo nieporozumień, nie leży nad morzem Szczecin
100%
199 975 śląskie Drugie największe miasto w Konurbacji Górnośląskiej Sosnowiec
94%
69 568 podlaskie Słynie z najniższych średnich temperatur w Polsce Suwałki
94%
67 837 zachodniopomorskie Dawniej nazywało się Starogard Szczeciński Stargard
83%
90 681 pomorskie Ma największą na świecie kolekcję prac Witkacego Słupsk
75%
78 185 mazowieckie Jego nazwa wywodzi się od staropolskiego słowa "sioło" Siedlce
72%
48 395 świętokrzyskie Słynie z produkcji polskich ciężarówek marki STAR Starachowice
67%
66 841 śląskie Jest największym miastem w którym nie ma restauracji McDonald's Siemianowice Śląskie
64%
60 466 podkarpackie Zostało założone jako część Centralnego Okręgu Przemysłowego Stalowa Wola
61%
48 089 łódzkie Znane jako polska stolica nauk ogrodniczych Skierniewice
58%
Nie znaleziono quizów pasujących do podanych kryteriów
Rozkład punktacji
Procent ludzi z każdym wynikiem
Percentyl według liczby udzielonych odpowiedzi
Twoja historia wyników
Nie rozwiązałeś tego quizu